Loading...
| History - European History | 0 | 4 | 0 | 0 | 40 | 75 | 97.75 | 0 | 1 |
| Science - Other Science | 0 | 3 | 0 | 0 | 30 | 95 | 100.67 | 1 | 1 |
| History - World History | 0 | 3 | 1 | 0 | 25 | 94 | 100.67 | 1 | 2 |
| Social Science | 0 | 2 | 0 | 1 | 20 | 117 | 122.00 | 0 | 0 |
| Beliefs | 0 | 2 | 0 | 1 | 20 | 128 | 138.50 | 0 | 0 |
| Geography | 0 | 2 | 0 | 0 | 20 | 61 | 87.00 | 1 | 2 |
| History - Other History | 0 | 2 | 0 | 0 | 20 | 119 | 119.50 | 0 | 0 |
| Auditory Arts | 0 | 2 | 0 | 0 | 20 | 123 | 132.50 | 0 | 0 |
| History - American History | 0 | 1 | 0 | 0 | 10 | 133 | 133.00 | 0 | 0 |
| Fine Arts - Other Arts | 0 | 1 | 0 | 0 | 10 | 93 | 93.00 | 0 | 0 |
| Literature - American Literature | 0 | 1 | 0 | 0 | 10 | 154 | 154.00 | 0 | 0 |
| Science - Biology | 0 | 1 | 0 | 0 | 10 | 78 | 78.00 | 0 | 0 |
| History - Ancient History | 0 | 1 | 0 | 0 | 10 | 126 | 126.00 | 0 | 1 |
| Literature - European Literature | 0 | 1 | 0 | 1 | 10 | 102 | 102.00 | 0 | 1 |
| Literature - World Literature | 0 | 1 | 0 | 0 | 10 | 140 | 140.00 | 0 | 0 |
| Other Academic | 0 | 1 | 0 | 0 | 10 | 119 | 119.00 | 0 | 0 |
| Philosophy | 0 | 1 | 0 | 0 | 10 | 138 | 138.00 | 0 | 0 |
| Literature - British Literature | 0 | 0 | 0 | 0 | 0 | 0.00 | 0 | 0 | |
| Current Events | 0 | 0 | 1 | 0 | -5 | 0.00 | 0 | 0 |